[Event "CD Meyer Gedenkturnier 2020"]
[Site "Bremen"]
[Date "2020.10.10"]
[Round "1.10"]
[White "Reuker, Jari"]
[Black "Steffens, Olaf"]
[Result "1-0"]
[WhiteElo "2399"]
[BlackElo "2171"]
[Annotator "TA"]
[PlyCount "51"]
[EventDate "2020.10.10"]
[EventType "swiss"]
[EventCountry "GER"]
[SourceTitle "playchess.com"]
[Source "ChessBase"]
[SourceQuality "1"]

{[%evp 10,50,72,69,66,66,57,61,54,67,87,84,75,75,94,109,135,142,114,108,170,181,190,157,295,303,619,441,450,299,376,359,1071,1026,981,957,943,938,29995,29996,29997,29998,29999]} 1. d4 b5 2. e4 Bb7 3. Bxb5 Bxe4 4. Nf3 e6 5. O-O Nf6 6. c4 Be7 {A40: Unusual replies to 1 d4.} 7. Nc3 Bb7 8. Ba4 {is the legacy move (8.d5).} O-O {White is slightly better.} 9. Re1 d6 10. d5 e5 11. c5 dxc5 12. Nxe5 Nxd5 13. Qf3 c6 14. Bc2 {[%mdl 1024] [#] White has strong compensation.} Nd7 $146 {[#]} (14... Bd6 $16 {was worth a try.}) ({Predecessor:} 14... Nb4 15. Bb1 Nd7 16. Qh3 Nf6 17. Nd7 g6 18. Nxf8 Qxf8 19. Bh6 Qd8 20. Qf3 Nfd5 {1-0 (32) Di Caro,C (2322)-Tomescu,V (2397) Cesenatico 2004}) 15. Qh3 $1 $18 {[%csl Gc2][%cal Rh3h7]} N7f6 16. Bg5 $40 {[%mdl 128] And now Nxd5 would win. White goes for the king.} Nb4 {[#]} (16... g6 $16 17. Qh4 Kg7 18. Bh6+ Kg8) 17. Bf5 $1 g6 $2 (17... Bc8 18. a3 (18. Bxf6 Bxf5 19. Bxe7 Bxh3 $16) 18... Bxf5 19. Qxf5 Qc8 20. Qxc8 Rfxc8) 18. Rad1 Nbd5 19. Nxd5 cxd5 20. Ng4 gxf5 $2 (20... Nxg4 21. Bxe7 Nxf2 22. Kxf2 Qb6 23. Bxf8 Rxf8) 21. Nh6+ {[%mdl 64] Double Attack, Discovered Attack} Kh8 {[#]} 22. Rxe7 $1 {[%cal Rg5f6][%mdl 512]} Ne4 (22... Qxe7 23. Qh4) 23. Qxf5 {Intending Bf6+ and mate.} Qb6 {[#]} 24. Rxe4 $1 {[%mdl 512] White mates.} f6 (24... dxe4 25. Bf6+) 25. Re7 {[%csl Gf5][%cal Re7h7]} fxg5 26. Rxh7# {Accuracy: White = 89%, Black = 42%.} 1-0

[Event "CD Meyer Gedenkturnier 2020"]
[Site "Bremen"]
[Date "2020.10.10"]
[Round "1.11"]
[White "Sreyas Payyappat"]
[Black "Koellner, Ruben Gideon"]
[Result "1/2-1/2"]
[WhiteElo "2144"]
[BlackElo "2337"]
[Annotator "TA"]
[PlyCount "115"]
[EventDate "2020.10.10"]
[EventType "swiss"]
[EventCountry "GER"]
[SourceTitle "playchess.com"]
[Source "ChessBase"]
[SourceQuality "1"]

{[%evp 19,115,53,44,50,58,31,57,48,45,24,30,0,0,0,5,0,12,9,15,16,13,13,18,0,33,43,43,-8,48,-2,30,0,20,-48,-55,-57,-54,-38,-31,-23,-35,-29,-37,-133,-125,-111,-52,-122,0,0,0,0,0,0,0,0,0,1,9,15,83,86,80,69,85,77,162,158,217,205,215,169,182,178,175,174,156,72,131,8,8,8,8,8,8,8,8,8,8,8,8,8,8,8,8,8,59,68]} 1. e4 d6 2. d4 Nf6 3. Nc3 e5 4. dxe5 dxe5 5. Qxd8+ Kxd8 6. Bg5 Be6 7. O-O-O+ Nbd7 8. g3 Kc8 9. f4 h6 10. Bxf6 Nxf6 11. Nf3 {And now f5 would win. B07: Pirc Defence: Miscellaneous Systems.} (11. fxe5 Ng4 $15) 11... exf4 12. gxf4 g6 {[#]} 13. Nd4 $146 ({Predecessor:} 13. f5 gxf5 14. exf5 Bxf5 15. Ne5 Bc5 16. Nxf7 Rf8 17. Bc4 Ng4 18. Rhf1 Bd7 19. Ne4 {0-1 (31) Galic,I (2382)-Batinic,P (2309) Prijedor 2015}) 13... Bg4 14. Be2 Bc5 15. h3 (15. e5 $5 {[%cal Re5f6]} Bxe2 16. Ncxe2 $14 (16. Ndxe2 Ng4 $14)) 15... Bxe2 16. Ndxe2 Nh5 17. Rd3 Rd8 18. Rhd1 {[%csl Gd1][%cal Rd3d8] [#]} Rxd3 19. cxd3 Kd7 20. d4 Be7 21. e5 f5 22. d5 Bc5 23. Rd3 (23. Kd2 $14) 23... Rg8 (23... g5 $11) 24. Kd1 a6 25. Na4 Be7 26. d6 (26. Rf3 $11) 26... cxd6 $15 27. Nb6+ Ke6 28. Nd4+ Kf7 29. e6+ Kg7 30. Nd5 Bf6 31. Nb3 (31. Nc2 $15) 31... Re8 $17 32. Re3 g5 (32... Be7 $17 33. Rc3 Nf6) 33. fxg5 (33. Nc7 $15 Re7 34. Nd5) 33... hxg5 (33... Bxg5 $17 34. Rf3 Rxe6) 34. Nc7 $1 $11 {[%cal Rc7e8]} Re7 35. Nd5 f4 36. Re1 Kf8 37. Nxe7 Kxe7 {[%mdl 4096] Endgame KRN-KBN} 38. Ke2 Bxb2 39. Kf3 Be5 (39... Ng3 $11) 40. Kg4 $16 Ng3 41. Kxg5 f3 42. Rb1 Ne4+ (42... Kxe6 $16 {is a better defense.} 43. Nd2 f2) 43. Kf5 $18 Nc3 (43... Ng3+ $16 44. Kg4 f2) 44. Rf1 Nxa2 45. Na5 ({Much less strong is} 45. Rxf3 b6) 45... Nb4 46. Rxf3 {Hoping for Rb3.} Nc2 47. Rd3 Nd4+ 48. Ke4 ({White should play} 48. Kg6) 48... b6 {[#]} (48... Kxe6 $142 49. Nxb7 (49. Rxd4 Bxd4 50. Kxd4 b6 $11) 49... d5+ 50. Ke3 Kf5) 49. Rxd4 (49. Nc4 $1 $16 {[%cal Rc4e5]} Nxe6 50. Rd2 (50. Nxe5 Nc5+ 51. Kf5 Nxd3 $16)) 49... Bxd4 $11 50. Nc6+ {[%mdl 64] Double Attack} Kxe6 {aiming for ...Bc5.} 51. Nxd4+ {KN-K3P} Kf6 52. h4 a5 53. Nb5 Kg6 54. Kf4 Kh5 55. Kg3 a4 56. Kh3 d5 57. Kg3 d4 (57... Kh6 $11) 58. Nxd4 {Blacks defense is rewarded with a draw. Accuracy: White = 68%, Black = 71%.} 1/2-1/2

[Event "CD Meyer Gedenkturnier 2020"]
[Site "Bremen"]
[Date "2020.10.11"]
[Round "2.1"]
[White "Donchenko, Alexander"]
[Black "Johansson, Linus"]
[Result "1-0"]
[WhiteElo "2658"]
[BlackElo "2492"]
[Annotator "TA"]
[PlyCount "73"]
[EventDate "2020.10.10"]
[EventType "swiss"]
[EventCountry "GER"]
[SourceTitle "playchess.com"]
[Source "ChessBase"]
[SourceQuality "1"]

{[%evp 14,73,23,12,18,4,10,12,13,5,39,-7,0,0,0,0,0,-16,-6,-30,22,26,13,27,358,356,393,403,397,390,401,390,436,411,459,421,429,460,469,480,494,481,513,520,518,517,508,508,492,491,616,616,607,559,697,689,779,768,810,803,716,758]} 1. c4 c5 2. Nf3 Nc6 3. Nc3 e5 4. e3 Nf6 5. d4 cxd4 6. exd4 e4 7. Ne5 Bb4 8. Be2 Qa5 {A34: Symmetrical English: 2 Nc3, lines with ...d5.} 9. O-O Nxe5 10. dxe5 Qxe5 {The position is equal.} 11. Bd2 Be7 (11... Bc5 {is more complex.} 12. Nb5 O-O 13. b4 Be7 14. Bc3 Qg5) 12. g3 {[%mdl 1024] White has compensation.} O-O 13. Bf4 {[#]} Qf5 $146 ({Predecessor:} 13... Qa5 14. a3 d6 15. Nb5 Bh3 16. Re1 a6 17. b4 Qb6 18. Nxd6 Rad8 19. c5 Qc6 {1-0 (54) Kotsur,P (2552)-Narayanan,S (2440) Dubai 2013}) 14. Nb5 {White wants to play Nc7.} d6 15. Re1 Rd8 16. Qb3 Bd7 ({Better is} 16... d5 17. Rad1 Qh3) 17. Bxd6 $11 Bxd6 18. Nxd6 {[%mdl 64] [#] Discovered Attack} Qc5 $2 {[%mdl 8192] Black cannot hold the game after this.} (18... Qe5 $11 {and Black is okay.} 19. c5 (19. Nxb7 $2 Rdb8 $19) 19... Be6) 19. Nxb7 $18 {[%mdl 64] Double Attack} Qc7 {White must now prevent ...Rdb8.} 20. Nxd8 Rxd8 21. Rad1 Re8 22. Qe3 h5 23. Rd4 Bf5 24. Red1 {White is clearly winning.} Qb6 25. R4d2 Qa5 26. Rd6 Bg4 27. Qd2 Qxa2 {If only Black now had time for ...e3....} 28. Rd8 Rxd8 29. Qxd8+ Kh7 30. Bxg4 Nxg4 {[%mdl 4096] Endgame KQR-KQN} 31. Qd4 f5 32. h3 Nf6 33. Rc1 h4 34. gxh4 Qb3 35. Qe5 Qf3 36. Rc3 Qd1+ 37. Kg2 {Accuracy: White = 96%, Black = 52%.} 1-0

[Event "CD Meyer Gedenkturnier 2020"]
[Site "Bremen"]
[Date "2020.10.11"]
[Round "2.2"]
[White "Fier, Alexandr"]
[Black "Edouard, Romain"]
[Result "1/2-1/2"]
[WhiteElo "2562"]
[BlackElo "2645"]
[Annotator "TA"]
[PlyCount "73"]
[EventDate "2020.10.10"]
[EventType "swiss"]
[EventCountry "GER"]
[SourceTitle "playchess.com"]
[Source "ChessBase"]
[SourceQuality "1"]

{[%evp 28,73,28,37,36,55,104,28,61,32,37,38,45,45,37,37,50,42,41,41,47,44,57,51,113,0,0,0,0,0,0,0,0,0,0,0,0,0,0,0,0,0,0,0,0,0,0,0]} 1. e4 e6 2. d4 d5 3. Nc3 Bb4 4. e5 c5 5. a3 Bxc3+ 6. bxc3 Ne7 7. Qg4 cxd4 8. Qxg7 Rg8 9. Qxh7 Qc7 10. Ne2 Nbc6 11. f4 dxc3 12. Qd3 d4 13. Nxd4 Nxd4 14. Qxd4 Bd7 15. Rg1 Nf5 {C18: French: 3 Nc3 Bb4: Main line: 7 h4 and 7 Qg4.} 16. Qf2 $1 Bc6 17. Bd3 (17. g4 $16 Ne7 18. Rb1) 17... O-O-O {[#] White has an edge.} 18. Qxa7 $146 (18. g4 $5 {[%cal Rg4f5]} Nd4 19. Rg3 $11) ({Predecessor:} 18. a4 Qd7 19. Qxa7 Qd5 20. Qf2 Rg4 21. g3 Nd4 22. Kd1 Nf3 23. Rf1 Rh8 24. h4 {0-1 (52) Acunzo,D (1743)-Cautiero,P (1694) Codogno 2012}) 18... Nh4 19. Be3 {Strongly threatening Bb6.} Nxg2+ 20. Rxg2 Rxg2 21. Bb6 Qe7 22. Bxd8 Qxd8 23. O-O-O {Threatens to win with Qa8+.} Qh4 24. Qa8+ Kc7 25. Qa5+ $1 Kb8 {[#]} (25... Kc8 $1 $14) 26. Qxc3 ({White must play} 26. Be4 $1 $16 {[%cal Re4g2][%mdl 512]} Bxe4 27. Rd8+ Qxd8 28. Qxd8+ Ka7 29. Qd4+ Kb8 30. Qd6+ (30. Qxc3 Rxh2 31. Qb4 Rxc2+ 32. Kd1 Bf5 $16) 30... Ka7 31. Qd4+ Kb8 32. Qxc3) 26... Qxf4+ $11 {The position is equal.} 27. Kb2 Rxh2 28. Bb5 {Threatening mate with Rd8+.} Bd5 ({Weaker is} 28... Bxb5 29. Rd8+ Ka7 30. Qc5+ b6 31. Qc7+ (31. Qxb5 Rd2 $11) 31... Ka6 32. Ra8#) 29. Rf1 Rf2 30. Rxf2 Qxf2 31. a4 Qb6 32. Ka3 Qg1 33. Kb4 b6 34. Bd7 Qb1+ 35. Ka3 Qa2+ 36. Kb4 {And now Kb5 would win.} Qb1+ 37. Ka3 {Accuracy: White = 81%, Black = 85%.} 1/2-1/2

[Event "CD Meyer Gedenkturnier 2020"]
[Site "Bremen"]
[Date "2020.10.11"]
[Round "2.3"]
[White "Papp, Gabor"]
[Black "Lubbe, Nikolas"]
[Result "1/2-1/2"]
[WhiteElo "2602"]
[BlackElo "2443"]
[Annotator "TA"]
[PlyCount "117"]
[EventDate "2020.10.10"]
[EventType "swiss"]
[EventCountry "GER"]
[SourceTitle "playchess.com"]
[Source "ChessBase"]
[SourceQuality "1"]

{[%evp 26,117,50,35,67,0,0,0,0,0,0,0,0,-8,-3,-11,0,0,0,0,0,0,0,-83,-83,-87,-62,-48,-60,-82,-75,-79,-61,-31,0,0,0,0,0,-97,0,0,0,0,39,29,17,29,45,47,82,44,69,45,44,47,99,44,49,0,0,0,0,0,0,0,0,0,0,0,0,0,0,0,0,0,0,0,0,0,0,0,0,0,0,0,0,0,0,0,0,0,0,0]} 1. e4 c5 2. Nf3 e6 3. d4 cxd4 4. Nxd4 Nf6 5. Nc3 Nc6 6. Ndb5 d6 7. Bf4 e5 8. Bg5 a6 9. Na3 b5 10. Bxf6 gxf6 11. Nd5 Bg7 12. Bd3 Ne7 13. Nxe7 Qxe7 14. O-O f5 {B33: Sicilian: Pelikan and Sveshnikov Variations.} 15. Qh5 (15. c4 $14) 15... d5 $11 16. exd5 e4 17. c3 O-O ({Wrong is} 17... exd3 $2 18. Rae1 $18) 18. Rae1 Rb8 {[%cal Ba8b8,Bb8b6,Bb6h6][%mdl 32] [#]} 19. Bb1 $146 ({Predecessor:} 19. Nc2 Rb6 20. Qd1 Rd8 21. Be2 f4 22. Bg4 f5 23. Bh3 Rh6 24. Kh1 Qc5 25. Qd2 f3 26. Qg5 Rxd5 27. Ne3 Rg6 28. Qf4 Be5 29. Qh4 Bf6 30. Qf4 Re5 31. b4 Qe7 {0-1 (30) Huerga,J (2253)-Pahlen,H (2228) IECG email 2001}) 19... Rb6 $36 {[%mdl 2048] Black has the initiative.} 20. g3 Rd8 21. Nc2 Rh6 22. Qe2 Rxd5 23. Ne3 Rdd6 {Hoping for ...f4!} 24. f4 {[#]} (24. Rd1 $1 $11) 24... b4 $1 $17 {[%mdl 512]} 25. cxb4 Bd4 26. Kg2 Qd8 27. Rd1 Bxe3 28. Rxd6 Rxd6 29. Qxe3 Rd2+ 30. Rf2 Rxf2+ 31. Qxf2 ({Reject} 31. Kxf2 Qd1 $17) 31... Bb7 {( -> ...e3+)} 32. Qa7 {[#]} (32. Qe3 $11 {keeps the balance.}) 32... Qd7 (32... Bc6 $1 $17 33. Qxa6 Qd5) 33. Kh3 $11 Kg7 34. Bc2 h5 35. Qe3 Bc6 36. Kg2 Qd6 37. Kf2 Kg6 38. a3 Bb5 39. Ke1 $1 Qc6 40. Qc5 {Qxc6+ is the strong threat.} Qe6 41. Kd2 (41. Bd1 $16) 41... Qd7+ $14 42. Ke3 Ba4 {The position is equal.} 43. Bxa4 Qxa4 $11 {[%mdl 4096] Endgame KQ-KQ} 44. Ke2 Qd7 45. Qc4 Qa7 46. Qc5 Qd7 47. Qc4 Qa7 48. Kf1 f6 49. a4 {[%cal Ba3a4,Ba4a5][%mdl 32]} Qe3 50. Qc3 Qb6 51. a5 Qb5+ 52. Kf2 Qd5 53. Ke1 Qa2 54. Kd2 Qa1 55. h4 Qf1 56. Qe3 Qc4 57. Qc3 Qf1 58. Qe3 Qc4 59. Qc3 {Accuracy: White = 88%, Black = 87%.} 1/2-1/2

[Event "CD Meyer Gedenkturnier 2020"]
[Site "Bremen"]
[Date "2020.10.11"]
[Round "2.4"]
[White "Zwirs, Nico"]
[Black "Kollars, Dmitrij"]
[Result "0-1"]
[WhiteElo "2453"]
[BlackElo "2588"]
[Annotator "TA"]
[PlyCount "88"]
[EventDate "2020.10.10"]
[EventType "swiss"]
[EventCountry "GER"]
[SourceTitle "playchess.com"]
[Source "ChessBase"]
[SourceQuality "1"]

{[%evp 27,88,0,4,7,8,-17,-11,-17,-23,-91,-81,-79,-76,-107,-108,-114,-116,-119,-114,-112,-105,-110,-120,-118,-110,-126,-118,-118,-114,-144,-131,-267,-236,-291,-185,-321,-315,-294,-293,-599,-385,-479,-479,-448,-266,-293,-293,-293,-286,-350,-350,-372,-370,-597,-546,-602,-600,-595,-593,-595,-556,-556,-530]} 1. e4 c5 2. Nf3 Nc6 3. d4 cxd4 4. Nxd4 e6 5. Nc3 Qc7 6. Be3 a6 7. Be2 Nf6 8. O-O Be7 9. f4 d6 10. Kh1 O-O 11. Qe1 Nxd4 12. Bxd4 b5 13. a3 Bb7 14. Qg3 Rad8 15. Rad1 {B85: Sicilian Scheveningen: 6 Be2 a6, lines with early Be3.} Bc6 16. f5 e5 17. Be3 {Black should prevent Bh6!The position is equal.} Kh8 {[#]} 18. Bg5 $146 (18. Qf3 $11) ({Predecessor:} 18. Bf3 a5 19. Rd2 b4 20. axb4 axb4 21. Nd5 Bxd5 22. exd5 Ra8 23. Qf2 Ra2 24. Bg5 {0-1 (51) Perez Cascella,J-Sanguineti,R Buenos Aires 1968}) 18... Nxe4 $17 19. Nxe4 Bxe4 {[%mdl 64] Discovered Attack} 20. Qh4 Bxg5 ({Much worse is} 20... Qxc2 $6 21. Bxe7 Qxe2 22. Qg3 $11) 21. Qxe4 {[#]} d5 $1 {[%cal Rd5e4][%mdl 576] Deflection} 22. Rxd5 Rxd5 23. Qxd5 Qxc2 24. Qxe5 {[#]} Bf6 $1 $36 {[%cal Rf6e5][%mdl 2048] Black is really pushing.} 25. Qe3 Qxb2 26. Bf3 h6 27. Rd1 Kg8 28. Qc5 Re8 29. h3 (29. Bh5 $17) 29... a5 $19 {[%cal Ba6a5,Ba5b4,Bb4b3,Bb3b2][%mdl 32]} 30. Qc6 Qe5 31. Rb1 (31. Bd5 $142) 31... b4 32. axb4 axb4 33. Kg1 $2 (33. Bh5) 33... Rb8 34. Qc4 b3 35. Bd5 Qd4+ (35... Qe3+ $142 36. Kh1 b2 37. Bxf7+ Kh8) 36. Qxd4 Bxd4+ {[%mdl 4096] Endgame KRB-KRB} 37. Kf1 b2 38. Ke2 Rc8 39. Be4 Rc1 40. Kd2 $2 (40. Bd3) 40... Kf8 {Black is clearly winning.} 41. Ke2 Ke7 42. Kf3 Kd6 43. Bd3 Kc5 44. Ke4 Bc3 {Black took control after the opening. Accuracy: White = 34%, Black = 75%.} 0-1

[Event "CD Meyer Gedenkturnier 2020"]
[Site "Bremen"]
[Date "2020.10.11"]
[Round "2.5"]
[White "Steffens, Olaf"]
[Black "Schulze, Lara"]
[Result "0-1"]
[WhiteElo "2171"]
[BlackElo "2314"]
[Annotator "TA"]
[PlyCount "112"]
[EventDate "2020.10.10"]
[EventType "swiss"]
[EventCountry "GER"]
[SourceTitle "playchess.com"]
[Source "ChessBase"]
[SourceQuality "1"]

{[%evp 9,111,-13,-15,-18,-17,-44,-19,-18,-7,-14,-7,-58,-55,-49,-41,-40,-47,-48,-41,-72,-45,-68,-63,-54,-36,-33,-12,-49,-44,-37,-14,-122,-10,-20,-18,-62,0,-13,6,32,32,-27,-26,-51,0,-197,-191,-185,-112,-197,-202,-225,-210,-239,-234,-351,-341,-363,-369,-368,-364,-368,-309,-313,-304,-424,-277,-270,-179,-187,-189,-171,-127,-227,-166,-262,-264,-238,-243,-690,-659,-29974,-29968,-29975,-29976,-29976,-29977,-29977,-29978,-29978,-29979,-29988,-29988,-29988,-29989,-29989,-29990,-29990,-29990,-29991,-29991,-29991,-29992,-29999]} 1. b4 e5 2. a3 d5 3. Bb2 Bd6 4. c4 c6 5. Nf3 Nd7 6. e3 {A00: Irregular Openings.} Ngf6 7. Nc3 O-O 8. Qc2 {The position is equal.} a6 {[#]} 9. Be2 $146 ({Predecessor:} 9. c5 Bc7 10. Be2 Re8 11. h3 Nf8 12. Na4 Ng6 13. g4 e4 14. Nd4 Nh4 15. Nb6 Bxb6 16. cxb6 Qxb6 {0-1 (36) Steffens,O (2325)-Cording,H (2310) Germany 1997}) 9... Re8 10. d4 (10. d3 $11) 10... e4 $15 11. Nd2 Nf8 12. h3 Ng6 13. c5 Bc7 14. a4 h5 15. b5 axb5 16. axb5 Rxa1+ 17. Bxa1 Bf5 18. b6 Bb8 19. Nb3 Qd7 20. Kd2 {[#]} (20. Kd1 $11 {remains equal.}) 20... Nh4 (20... Nf4 $1 $17 {[%mdl 512]} 21. Rg1 (21. exf4 e3+) 21... Nd3) 21. Bf1 $11 Bg6 22. Na5 {[#]} Nh7 (22... Bf4 $1 $15 {[%mdl 512]}) 23. Kc1 f5 24. g3 Nf3 25. Qa4 ({White should try} 25. h4 $1 $14) 25... h4 $36 {[%mdl 2048] Black has some pressure.} 26. gxh4 Nf6 (26... Nxh4 $6 27. Nxd5 $1 {[%mdl 512]} Bf7 28. Nb4 $14) ({Black should play} 26... Bf7 $1 $15) 27. Nd1 $2 (27. Ba6 $1 $11 bxa6 28. Nxc6) 27... f4 $19 (27... Nxh4 28. Qa2 $17) 28. Bc3 Rf8 (28... Nh5 $19 29. Kb1 fxe3 30. Nxe3 Nf4) 29. Kb2 (29. Ba6 $17 {was necessary.} bxa6 30. Qxc6) 29... Nh5 (29... Nxh4 30. Bd2 $17) 30. Be2 fxe3 31. Nxe3 Nf4 (31... Nxh4 32. Ka3 $17) 32. Bd1 (32. Qc2 {was called for.}) 32... Nd3+ {[%mdl 64] Double Attack} (32... Nxh4 33. Bg4 $17) (32... Nxh3 $2 33. Nxb7 Nxf2 34. Na5 $17) 33. Ka1 Nxf2 {[%mdl 64] Double Attack} 34. Rf1 Nxd1 35. Qxd1 Bf4 36. Ng4 Bf5 37. Kb2 Bg3 38. h5 Bh4 39. Ne5 Nxe5 40. dxe5 Qe7 (40... Bxh3 41. Rxf8+ Kxf8 42. h6 $1 $11 {[%mdl 512]}) 41. Bd4 (41. h6 $17 g6 42. h7+ Kxh7 43. Qd4) 41... Bg3 (41... Bxh3 42. Rxf8+ Kxf8 {[#]} 43. h6 $1 $11 {[%mdl 512]}) 42. h6 (42. e6 {might work better.} Qxe6 43. Qd2) 42... g6 ({Wrong is} 42... gxh6 $2 43. Rg1 $18) ({Worse is} 42... Bxh3 43. Rxf8+ Qxf8 44. Nxb7 $18) 43. e6 Qxe6 {And now ...Ra8 would win.} ({Stronger than} 43... Bxe6 44. Rxf8+ Qxf8 45. Nxb7 $11) 44. Nxb7 $2 (44. Qd2 Rf7 45. Qg5) 44... e3 45. Qf3 e2 {Black mates.} 46. h7+ Kxh7 47. Qxg3 exf1=Q 48. Qh4+ Kg8 49. Qh8+ {[#]} Kf7 $1 50. Nd6+ {[#]} Qxd6 $1 51. Qg7+ (51. cxd6 Rxh8) 51... Ke6 52. cxd6 Qb1+ 53. Kc3 Qc2+ 54. Kb4 Qc4+ 55. Ka3 Ra8+ 56. Kb2 Qc2# {Accuracy: White = 46%, Black = 68%.} 0-1

[Event "CD Meyer Gedenkturnier 2020"]
[Site "Bremen"]
[Date "2020.10.11"]
[Round "2.6"]
[White "Grigorian, Spartak"]
[Black "Reuker, Jari"]
[Result "1-0"]
[WhiteElo "2433"]
[BlackElo "2399"]
[Annotator "TA"]
[PlyCount "103"]
[EventDate "2020.10.10"]
[EventType "swiss"]
[EventCountry "GER"]
[SourceTitle "playchess.com"]
[Source "ChessBase"]
[SourceQuality "1"]

{[%evp 17,103,0,0,0,0,0,0,0,0,0,0,0,0,0,0,0,0,0,0,0,61,0,0,0,0,0,0,0,124,116,115,120,113,119,150,143,177,171,177,175,221,224,220,220,213,186,182,200,194,179,272,235,366,368,490,480,434,463,576,544,569,555,471,484,695,739,771,806,770,749,900,896,1770,843,12837,701,12840,12840,12836,12836,12841,12842,12843,12843,12845,12846,29990,29991]} 1. e4 e5 2. Nf3 Nc6 3. Bc4 Bc5 4. c3 Nf6 5. d4 exd4 6. e5 d5 7. Bb5 Ne4 8. cxd4 Bb6 9. Nc3 O-O 10. Be3 {C54: Giuoco Piano: 4 c3 Nf6, main lines with 5 d4 and 5 d3.} Bg4 11. h3 Bh5 12. Qc2 {The position is equal.} Ba5 13. O-O Bxf3 14. gxf3 Nxd4 15. Bxd4 Qg5+ $1 16. Kh1 Bxc3 $1 17. bxc3 Qf5 $1 {aiming for ...Ng3+!} 18. Rfc1 Qxh3+ 19. Kg1 Ng5 $1 {[%cal Rg5f3]} 20. Be2 {f4 is the strong threat.} Nxf3+ 21. Bxf3 Qxf3 22. Qd1 $36 {[%mdl 2048] [#] Black is under pressure.} Qxd1+ $146 (22... Qf5 $11) ({Predecessor:} 22... Qe4 23. Qh5 Rfe8 24. Re1 Qf4 25. Re3 Re6 26. Rf3 Rg6+ 27. Qxg6 Qxf3 28. Qg2 Qxg2+ 29. Kxg2 {1-0 (42) Aryan,C (2553)-Baeumer,L (2245) Biel 2019}) 23. Rxd1 $16 {White stays focused until the end.} b6 24. Rd3 Rfe8 25. Rad1 Kf8 {[#]} 26. f4 $1 c6 27. Kf2 Ke7 28. Rh3 h6 29. Rg1 c5 30. Be3 ({And not} 30. Rxg7 cxd4 31. cxd4 Rh8 $11) 30... Kf8 31. Rhg3 g6 32. Rh3 h5 33. Kf3 Ke7 {[#]} (33... Rac8 $142 34. Rh2 Ke7) 34. f5 $1 $18 {[%mdl 512]} Rg8 (34... Kd7 $142 35. e6+ (35. fxg6 fxg6 36. Bf4 Re6 $16) 35... fxe6) (34... gxf5 35. Rxh5) 35. Rhg3 Rgf8 36. Bh6 Rh8 37. Bg7 Rhg8 38. Bf6+ Kd7 39. fxg6 fxg6 40. Rxg6 Rge8 (40... Rxg6 $142 41. Rxg6 a5) 41. Rd1 Kc6 42. Bh4+ Kb5 43. Rxd5 Kc4 44. Ke4 Rg8 45. Rdd6 (45. Rxg8 $142 Rxg8 46. e6) 45... Kxc3 46. Rdf6 (46. Rxg8 $142 Rxg8 47. e6) 46... c4 47. Rxg8 Rxg8 48. e6 Kb2 49. Rf2+ Kb1 50. e7 c3 51. Kd3 Rc8 52. Rf8 {Accuracy: White = 86%, Black = 53%.} 1-0

[Event "CD Meyer Gedenkturnier 2020"]
[Site "Bremen"]
[Date "2020.10.11"]
[Round "2.7"]
[White "Koellner, Ruben Gideon"]
[Black "Kardoeus, David"]
[Result "1-0"]
[WhiteElo "2337"]
[BlackElo "2172"]
[Annotator "TA"]
[PlyCount "75"]
[EventDate "2020.10.10"]
[EventType "swiss"]
[EventCountry "GER"]
[SourceTitle "playchess.com"]
[Source "ChessBase"]
[SourceQuality "1"]

{[%evp 9,74,-12,-12,-8,0,0,0,0,-6,-10,-1,-2,0,0,0,0,-16,-9,-1,-1,0,-7,0,-48,-43,-73,-73,-73,-73,-73,-73,-75,-70,-103,-110,-102,0,0,45,39,48,51,56,36,218,192,653,636,1122,1109,29990,29991,29991,29992,29994,29995,29995,29996,29998,29996,29996,29997,29997,29998,29998,29999,29999]} 1. d4 Nf6 2. Nf3 d5 3. e3 c5 4. Nbd2 Qc7 5. b3 cxd4 6. exd4 {D04: Colle System.} Qc3 {[#]} 7. Rb1 $146 ({Predecessor:} 7. Ba3 Nc6 8. Bb5 Qa5 9. Bxc6+ bxc6 10. Bc5 Nd7 11. b4 Qc7 12. O-O Nxc5 13. bxc5 {0-1 (29) Jussupow,N (2055)-Kostic,V (2443) Bayern 2011}) 7... Bf5 8. Bb2 {The position is equal.} Qxc2 9. Qxc2 Bxc2 10. Rc1 Bf5 11. Rc7 Kd8 $36 {[%mdl 2048] Black is more active.} 12. Rxb7 Bc8 13. Rb5 e6 14. Ne5 Ke8 15. Ra5 Bb4 16. Ra4 a5 {Hoping for ...Ne4.} 17. a3 Bxd2+ $1 18. Kxd2 Ne4+ $1 19. Ke3 {[#]} f6 $1 {[%cal Rf6e5]} 20. Bb5+ Ke7 21. Nc6+ Nxc6 22. Bxc6 Rb8 (22... Bd7 $17 23. Bxd7 Kxd7) 23. b4 $11 Nd6 {...Nc4+ is the strong threat.} 24. Rc1 axb4 25. Ra7+ Kd8 $1 26. axb4 Rxb4 $2 {[#] This move loses the game for Black.} ({Black should try} 26... Rf8 $1 $14) 27. Ba3 $1 $18 {[%cal Ra3b4][%mdl 512]} Nf5+ $2 (27... Nc4+ 28. Rxc4 Rb3+ 29. Kd2 Rxa3 30. Rxa3 dxc4) 28. Kd2 Rxd4+ 29. Ke1 {Bc5 would kill now.} Rc4 30. Rxc4 {White mates.} dxc4 31. Bc5 {[%cal Rc5b6]} Bd7 32. Rxd7+ Kc8 33. Bb6 Nd6 34. Rc7+ Kb8 35. Ra7 {[%csl Gc6][%cal Ra7a8]} Nb7 36. Rxb7+ {[%mdl 64] Double Attack} Kc8 37. Ra7 {[%cal Ra7a8]} Re8 38. Ra8# {Accuracy: White = 92%, Black = 60%.} 1-0